000 00666nam a22002297a 4500
003 UA-OsUOA
001 80715
007 ta
008 20111222b un ||||| |||| 00| 0 ukr d
100 _aПрофантова Н.
700 _aКуна М.
090 _a902
_bП84
942 _cSA
040 _aUA-OsUOA
_bukr
_cUA-OsUOA
_dUA-OsUOA
245 _aСлов'янське селище Розтоки VІ - V ІІ ст. біля Праги, Чехія
300 _aС.81-89
955 _a0
041 _aukr
080 _a902
773 0 _w80708
_tАрхеологія
_dК.
_d2011
_g4
650 7 _a9 Географія. Біографії. Історія
_2UDC
999 _c367027
_d367027